Online katalóg knižníc regiónu Turca

O troch medveďoch a iné rozprávky (Record no. 21741)

MARC details
000 -LEADER
fixed length control field 01460cam a2200445 4500
001 - CONTROL NUMBER
control field 21741
003 - CONTROL NUMBER IDENTIFIER
control field VRT
005 - DATE AND TIME OF LATEST TRANSACTION
control field 20260309112201.0
008 - FIXED-LENGTH DATA ELEMENTS--GENERAL INFORMATION
fixed length control field 200104s2013 xo a b 000 j slo
015 ## - NATIONAL BIBLIOGRAPHY NUMBER
National bibliography number SNBA2018/02
020 ## - INTERNATIONAL STANDARD BOOK NUMBER
International Standard Book Number 9788080884734
Qualifying information (viazané)
035 ## - SYSTEM CONTROL NUMBER
System control number urn:nbn:sk:snk-am00d22d
035 ## - SYSTEM CONTROL NUMBER
System control number urn:nbn:sk:snk-am3hj1q
035 ## - SYSTEM CONTROL NUMBER
System control number 6910A519-C496-4853-AD7E-3D320869697A
039 #9 - LEVEL OF BIBLIOGRAPHIC CONTROL AND CODING DETAIL [OBSOLETE]
Level of rules in bibliographic description 202511092211
Level of effort used to assign nonsubject heading access points msnk116
Level of effort used to assign subject headings 202001041220
Level of effort used to assign classification VLOAD
Level of effort used to assign subject headings 201802281427
Level of effort used to assign classification msnk21
040 ## - CATALOGING SOURCE
Original cataloging agency SNK
Language of cataloging slo
Transcribing agency SNK
Description conventions rda
041 0# - LANGUAGE CODE
Language code of text/sound track or separate title slo
044 ## - COUNTRY OF PUBLISHING/PRODUCING ENTITY CODE
MARC country code xo
ISO country code SK
072 #7 - SUBJECT CATEGORY CODE
Subject category code 821-93
Subject category code subdivision Literatúra pre deti a mládež (beletria)
Source konspekt
080 ## - UNIVERSAL DECIMAL CLASSIFICATION NUMBER
Universal Decimal Classification number (0:82-34)
Edition identifier 2011
080 ## - UNIVERSAL DECIMAL CLASSIFICATION NUMBER
Universal Decimal Classification number (0.05)
Edition identifier 2011
245 00 - TITLE STATEMENT
Title O troch medveďoch a iné rozprávky
250 ## - EDITION STATEMENT
Edition statement Vydanie prvé - dotlač
264 #1 - PRODUCTION, PUBLICATION, DISTRIBUTION, MANUFACTURE, AND COPYRIGHT NOTICE
Place of production, publication, distribution, manufacture Bratislava
Name of producer, publisher, distributor, manufacturer Matys
Date of production, publication, distribution, manufacture, or copyright notice 2013
300 ## - PHYSICAL DESCRIPTION
Extent 50 strán
Other physical details farebné ilustrácie
Dimensions 25 cm
336 ## - CONTENT TYPE
Content type term text
Content type code txt
Source rdacontent
336 ## - CONTENT TYPE
Content type term statický obraz
Content type code sti
Source rdacontent
337 ## - MEDIA TYPE
Media type term bez média
Media type code n
Source rdamedia
338 ## - CARRIER TYPE
Carrier type term zväzok
Carrier type code nc
Source rdacarrier
490 1# - SERIES STATEMENT
Series statement Veľké písmená
655 #7 - INDEX TERM--GENRE/FORM
Genre/form data or focus term rozprávky
Source of term SNKPH
655 #7 - INDEX TERM--GENRE/FORM
Genre/form data or focus term publikácie pre deti
Source of term SNKPH
655 #7 - INDEX TERM--GENRE/FORM
Genre/form data or focus term Fairy tales
Source of term SNKPHeng
655 #7 - INDEX TERM--GENRE/FORM
Genre/form data or focus term Children's literature
Source of term SNKPHeng
710 2# - ADDED ENTRY--CORPORATE NAME
Corporate name or jurisdiction name as entry element Librex
Relationship ill
830 #0 - SERIES ADDED ENTRY--UNIFORM TITLE
Uniform title Veľké písmená
942 ## - ADDED ENTRY ELEMENTS (KOHA)
Source of classification or shelving scheme Dewey Decimal Classification
Koha item type Krásna literatúra pre deti
Suppress in OPAC No
949 ## - LOCAL PROCESSING INFORMATION (OCLC)
6 17A1308163
a snkSC 177826
b snk2018/2186
o 2389/17
s 6100:20180316
949 ## - LOCAL PROCESSING INFORMATION (OCLC)
6 17A1308164
a snkSC 177826 D1
b snk2018/2187
o 2389/17
Holdings
Stav vyradenia Strata Poškodenie Spôsob nadobudnutia Domovská knižnica Aktuálna knižnica Dátum nadobudnutia Total checkouts Čiarový kód exemplára Date last seen Typ exemplára
      Dar Obecná knižnica Turčianska Štiavnička Obecná knižnica Turčianska Štiavnička 09.03.2026   4738000346 09.03.2026 Krásna literatúra pre deti
Projekt je podporený Slovenskou asociáciou knižníc
Prevádzkuje Turčianska knižnica Martin 2026